000 00337nam a2200133 i 4500
001 bg
100 1 _aWALASEK, Janusz
245 0 _aWpływ splątania na elastyczność układów polimerowych /
_cJ. Walasek.
260 _aWarszawa,
_c1985.
040 _cBPK
041 _apol
942 _cKS
008 s pl f |000 0 pol
999 _c28319
_d28319
856 _uhttp://koha.tu.koszalin.pl/cgi-bin/koha/opac-detail.pl?biblionumber=28319
_yKatalog online BPK